000 00480nam a2200181Ia 4500
001 9846
005 20260306161748.0
008 260306t2018||||xx |||||||||||||| ||spa||
041 _aESP
082 _a468
_bM26 2018
100 _aMartín Vivaldi, Gonzalo
_eAUT
245 0 _aCurso de redacción:
_bteoría y práctica de la composición y del estilo
260 _c2018
300 _axii, 533 páginas :
_c24 cm.
650 _aGEN
654 _aCHU
942 _cLIB
_dJUS
_fJUS
_2ddc
_n
999 _c9846
_d9846